000 00844nam a2200253Ia 4500
003 OSt
005 20240803103543.0
008 210210b1977 xxu||||| |||| 00| 0 eng d
040 _cAL
041 _aHindi
082 _aH891.9 SHUB
100 _aSHUKLA (Baijanath Prasad)
_dबैजनाथ प्रसाद शुक्ला
_9175041
245 _aBhagavathicharan varma ke upanyasome yugachetana
_bभगवतीचरण वर्मा के उपन्यासों में युगचेतना
260 _aNew Delhi
_bPrem Prakashan Mandir
_c1977
300 _a432
650 _ayugachetana
_9175042
650 _avarma
_9175043
650 _aupanyasome
_9175044
650 _ake
_9175045
650 _aBhagavathicharan
_9175046
690 _aHindi Miscellaneous
_9175047
906 _a033819
942 _2ddc
_cBK
999 _c84923
_d84923